The Spell of Egypt /

محفوظ في:

المؤلف الرئيسي: Bell, Archie, 1877- (مؤلف)

التنسيق: كتاب

اللغة: English

منشور في: Boston : The Page company, 1927.

الموضوعات:

الوسوم: إضافة وسم

لا توجد وسوم, كن أول من يضع وسما على هذه التسجيلة!

رقم الطلب: DT55 .B4 1927

LEADER 00553nam a2200181Ia 4500
003 OSt
005 20260326133030.0
008 211223s1927 maubf 000 0 eng d
040 |c ARCE Library 
050 4 |a DT55 .B4 1927 
100 1 |a Bell, Archie,   |d 1877-,   |e author 
245 1 4 |a The Spell of Egypt /   |c by Archie Bell. 
264 1 |a Boston :   |b The Page company,   |c 1927. 
300 |a xiii, 366 p. :   |b col. front., plates (part col.), fold. map ;   |c 21 cm. 
651 0 |a Egypt   |x Description and travel.  
901 |a reviewed 
942 |2 lcc  |c BK 
999 |c 41155  |d 41155